|
|
|
|
| LEADER |
00799nam a22002292a 4500 |
| 001 |
001451724 |
| 003 |
CZ BrMZK |
| 005 |
20150806123103.0 |
| 007 |
ta |
| 008 |
150126s1955 ru er|||||||||||rus d |
| 040 |
|
|
|a BOA001
|b cze
|
| 100 |
1 |
|
|a Lojcjanskij, Lev Gerasimovič,
|d 1900-1991
|7 jx20071022012
|4 aut
|
| 245 |
1 |
0 |
|a Kurs teoretičeskoj mechaniki :
|b dlja vysšich učebnych zavedenij.
|n Tom 2,
|p Dinamika /
|c L.G. Lojcjanskij, A.I. Lur'je
|
| 246 |
3 |
0 |
|a Dinamika
|
| 250 |
|
|
|a Izd. 5-oje, pererab.
|
| 260 |
|
|
|a Moskva :
|b Gostechizdat,
|c 1955
|
| 300 |
|
|
|a 595 s.
|
| 700 |
1 |
|
|a Lur'je, Anatolij Isaakovič,
|d 1901-1980
|7 xx0006806
|4 aut
|
| 910 |
|
|
|a BOA001
|b 2-0330.425,2
|
| 990 |
|
|
|a BK
|
| 991 |
|
|
|b 201501
|
| 996 |
7 |
|
|b 2618998918
|c 2-0330.425,2
|l MZK
|r Sklad / do 24 hodin
|n 0
|w 001486657
|u 000010
|a 1
|e BOA001
|j MZK50
|s A
|